Green economics : (Record no. 20243)
[ view plain ]
| 000 -LEADER | |
|---|---|
| fixed length control field | 01187cam a22002535a 4500 |
| 001 - CONTROL NUMBER | |
| control field | 16330718 |
| 005 - DATE AND TIME OF LATEST TRANSACTION | |
| control field | 20161222092805.0 |
| 008 - FIXED-LENGTH DATA ELEMENTS--GENERAL INFORMATION | |
| fixed length control field | 100713t2011 nyu frb 001 0 eng d |
| 020 ## - INTERNATIONAL STANDARD BOOK NUMBER | |
| International Standard Book Number | 9780765627957 (cloth : alk. paper) |
| 040 ## - CATALOGING SOURCE | |
| Original cataloging agency | DLC |
| Transcribing agency | DLC |
| Language of cataloging | eng |
| Modifying agency | EG-ScBUE |
| 082 04 - DEWEY DECIMAL CLASSIFICATION NUMBER | |
| Classification number | 333.7 |
| Edition number | 22 |
| Item number | HAH |
| 100 1# - MAIN ENTRY--PERSONAL NAME | |
| Personal name | Hahnel, Robin. |
| 9 (RLIN) | 38930 |
| 245 10 - TITLE STATEMENT | |
| Title | Green economics : |
| Remainder of title | confronting the ecological crisis / |
| Statement of responsibility, etc | Robin Hahnel. |
| 260 ## - PUBLICATION, DISTRIBUTION, ETC. (IMPRINT) | |
| Place of publication, distribution, etc | Armonk ; |
| -- | London : |
| Name of publisher, distributor, etc | M. E. Sharpe, |
| Date of publication, distribution, etc | c.2011. |
| 300 ## - PHYSICAL DESCRIPTION | |
| Extent | xvii, 259 p. ; |
| Dimensions | 24 cm. |
| 500 ## - GENERAL NOTE | |
| General note | Index : p. 249-258. |
| 504 ## - BIBLIOGRAPHY, ETC. NOTE | |
| Bibliography, etc | Bibliography : p. 243-248. |
| 505 0# - FORMATTED CONTENTS NOTE | |
| Formatted contents note | Something happened on the way to the 21st century -- Cost benefit analysis : beware -- What on earth is sustainable development? -- Useful insights from mainstream economics -- Where mainstream economics dares not go -- Free market environmentalism : misinterpreting the Coase theorem -- Real world environmental policy -- A brief history of climate negotiations -- Criticisms of Kyoto -- Beyond Kyoto. |
| 650 #0 - SUBJECT ADDED ENTRY--TOPICAL TERM | |
| Topical term or geographic name as entry element | Environmental economics. |
| Source of heading or term | BUEsh |
| 651 ## - SUBJECT ADDED ENTRY--GEOGRAPHIC NAME | |
| Source of heading or term | BUEsh |
| 653 ## - INDEX TERM--UNCONTROLLED | |
| Resource For college | BAEPS, Economics |
| Arrived date list | July2015 |
| -- | December2015 |
| 650 #0 - SUBJECT ADDED ENTRY--TOPICAL TERM | |
| 9 (RLIN) | 22976 |
| Topical term or geographic name as entry element | Sustainable living |
| Source of heading or term | BUEsh |
| 942 ## - ADDED ENTRY ELEMENTS (KOHA) | |
| Source of classification or shelving scheme | Dewey Decimal Classification |
| Withdrawn status | Lost status | Source of classification or shelving scheme | Damaged status | Not for loan | Koha collection | Home library | Current library | Shelving location | Date acquired | Source of acquisition | Cost, normal purchase price | Serial Enumeration / chronology | Total Checkouts | Full call number | Barcode | Date last seen | Cost, replacement price | Koha item type |
|---|---|---|---|---|---|---|---|---|---|---|---|---|---|---|---|---|---|---|
| Dewey Decimal Classification | Baccah | Central Library | Central Library | First floor | 06/07/2015 | Purchase | 728.00 | 23125 | 333.7 HAH | 000039298 | 15/07/2025 | 910.00 | Book - Borrowing |